Catalysis in petroleum and petrochemical industries
Zapisane w:
| 1. autor: | |
|---|---|
| Format: | Książka |
| Język: | Undetermined |
| Wydane: |
New Delhi
Narosa Publishing House
2005
|
| Hasła przedmiotowe: | |
| Etykiety: |
Dodaj etykietę
Nie ma etykietki, Dołącz pierwszą etykiete!
|
| Thư viện lưu trữ: | Trung tâm Học liệu Trường Đại học Cần Thơ |
|---|
| LEADER | 00551nam a2200181Ia 4500 | ||
|---|---|---|---|
| 001 | CTU_117452 | ||
| 008 | 210402s9999 xx 000 0 und d | ||
| 082 | |a 665.5 | ||
| 082 | |b B575 | ||
| 100 | |a Bhattacharyya, Krishna G. | ||
| 245 | 0 | |a Catalysis in petroleum and petrochemical industries | |
| 245 | 0 | |c Krishna G. Bhattacharyya, Anup K. Talukdar | |
| 260 | |a New Delhi | ||
| 260 | |b Narosa Publishing House | ||
| 260 | |c 2005 | ||
| 650 | |a Catalysis,Petroleum chemicals | ||
| 904 | |i Truc | ||
| 980 | |a Trung tâm Học liệu Trường Đại học Cần Thơ | ||